<?xml version="1.0" encoding="UTF-8"?>
<record
    xmlns:xsi="http://www.w3.org/2001/XMLSchema-instance"
    xsi:schemaLocation="http://www.loc.gov/MARC21/slim http://www.loc.gov/standards/marcxml/schema/MARC21slim.xsd"
    xmlns="http://www.loc.gov/MARC21/slim">

  <leader>00606nam a22001937a 4500</leader>
  <controlfield tag="005">20241207105400.0</controlfield>
  <controlfield tag="008">241207b           ||||| |||| 00| 0 eng d</controlfield>
  <datafield tag="020" ind1=" " ind2=" ">
    <subfield code="a">9789386456281</subfield>
  </datafield>
  <datafield tag="040" ind1=" " ind2=" ">
    <subfield code="c">AL</subfield>
  </datafield>
  <datafield tag="041" ind1=" " ind2=" ">
    <subfield code="a">eng</subfield>
  </datafield>
  <datafield tag="082" ind1=" " ind2=" ">
    <subfield code="2">23</subfield>
    <subfield code="a">346.043</subfield>
    <subfield code="b">SRIT</subfield>
  </datafield>
  <datafield tag="100" ind1=" " ind2=" ">
    <subfield code="a">Ashok Kumar Srivastava</subfield>
    <subfield code="9">188587</subfield>
  </datafield>
  <datafield tag="245" ind1=" " ind2=" ">
    <subfield code="a">Transfer of property act with easements act</subfield>
  </datafield>
  <datafield tag="260" ind1=" " ind2=" ">
    <subfield code="a">Allahabad</subfield>
    <subfield code="b">Central Law Publications</subfield>
    <subfield code="c">2020</subfield>
  </datafield>
  <datafield tag="300" ind1=" " ind2=" ">
    <subfield code="a">xxxviii,522p.</subfield>
    <subfield code="b">PB</subfield>
    <subfield code="c">24x15.3cm.</subfield>
  </datafield>
  <datafield tag="365" ind1=" " ind2=" ">
    <subfield code="2">General</subfield>
    <subfield code="a">1060</subfield>
    <subfield code="b">&#x20B9;284.70</subfield>
    <subfield code="c">&#x20B9;</subfield>
    <subfield code="d">&#x20B9;390.00</subfield>
    <subfield code="e">27%</subfield>
    <subfield code="f">28-11-2024</subfield>
  </datafield>
  <datafield tag="650" ind1=" " ind2=" ">
    <subfield code="2">Private Law</subfield>
    <subfield code="a">Real Property Law</subfield>
    <subfield code="9">188588</subfield>
  </datafield>
  <datafield tag="942" ind1=" " ind2=" ">
    <subfield code="2">ddc</subfield>
    <subfield code="c">BK</subfield>
  </datafield>
  <datafield tag="999" ind1=" " ind2=" ">
    <subfield code="c">232269</subfield>
    <subfield code="d">232269</subfield>
  </datafield>
  <datafield tag="952" ind1=" " ind2=" ">
    <subfield code="0">0</subfield>
    <subfield code="1">0</subfield>
    <subfield code="2">ddc</subfield>
    <subfield code="4">0</subfield>
    <subfield code="7">0</subfield>
    <subfield code="8">Law</subfield>
    <subfield code="a">LL</subfield>
    <subfield code="b">LL</subfield>
    <subfield code="d">2024-12-05</subfield>
    <subfield code="e">MPP House, Bengaluru</subfield>
    <subfield code="g">284.70</subfield>
    <subfield code="l">0</subfield>
    <subfield code="o">346.043 SRIT</subfield>
    <subfield code="p">LL000970</subfield>
    <subfield code="r">2024-12-07 00:00:00</subfield>
    <subfield code="v">390.00</subfield>
    <subfield code="w">2024-12-07</subfield>
    <subfield code="y">BK</subfield>
  </datafield>
  <datafield tag="952" ind1=" " ind2=" ">
    <subfield code="0">0</subfield>
    <subfield code="1">0</subfield>
    <subfield code="2">ddc</subfield>
    <subfield code="4">0</subfield>
    <subfield code="7">0</subfield>
    <subfield code="8">Law</subfield>
    <subfield code="a">LL</subfield>
    <subfield code="b">LL</subfield>
    <subfield code="d">2024-12-05</subfield>
    <subfield code="e">MPP House, Bengaluru</subfield>
    <subfield code="g">284.70</subfield>
    <subfield code="l">0</subfield>
    <subfield code="o">346.043 SRIT</subfield>
    <subfield code="p">LL000971</subfield>
    <subfield code="r">2024-12-07 00:00:00</subfield>
    <subfield code="v">390.00</subfield>
    <subfield code="w">2024-12-07</subfield>
    <subfield code="y">BK</subfield>
  </datafield>
  <datafield tag="952" ind1=" " ind2=" ">
    <subfield code="0">0</subfield>
    <subfield code="1">0</subfield>
    <subfield code="2">ddc</subfield>
    <subfield code="4">0</subfield>
    <subfield code="7">0</subfield>
    <subfield code="8">Law</subfield>
    <subfield code="a">LL</subfield>
    <subfield code="b">LL</subfield>
    <subfield code="d">2024-12-05</subfield>
    <subfield code="e">MPP House, Bengaluru</subfield>
    <subfield code="g">284.70</subfield>
    <subfield code="l">0</subfield>
    <subfield code="o">346.043 SRIT</subfield>
    <subfield code="p">LL000972</subfield>
    <subfield code="r">2024-12-07 00:00:00</subfield>
    <subfield code="v">390.00</subfield>
    <subfield code="w">2024-12-07</subfield>
    <subfield code="y">BK</subfield>
  </datafield>
  <datafield tag="952" ind1=" " ind2=" ">
    <subfield code="0">0</subfield>
    <subfield code="1">0</subfield>
    <subfield code="2">ddc</subfield>
    <subfield code="4">0</subfield>
    <subfield code="7">0</subfield>
    <subfield code="8">Law</subfield>
    <subfield code="a">LL</subfield>
    <subfield code="b">LL</subfield>
    <subfield code="d">2024-12-05</subfield>
    <subfield code="e">MPP House, Bengaluru</subfield>
    <subfield code="g">284.70</subfield>
    <subfield code="l">0</subfield>
    <subfield code="o">346.043 SRIT</subfield>
    <subfield code="p">LL000973</subfield>
    <subfield code="r">2024-12-07 00:00:00</subfield>
    <subfield code="v">390.00</subfield>
    <subfield code="w">2024-12-07</subfield>
    <subfield code="y">BK</subfield>
  </datafield>
  <datafield tag="952" ind1=" " ind2=" ">
    <subfield code="0">0</subfield>
    <subfield code="1">0</subfield>
    <subfield code="2">ddc</subfield>
    <subfield code="4">0</subfield>
    <subfield code="7">0</subfield>
    <subfield code="8">Law</subfield>
    <subfield code="a">LL</subfield>
    <subfield code="b">LL</subfield>
    <subfield code="d">2024-12-05</subfield>
    <subfield code="e">MPP House, Bengaluru</subfield>
    <subfield code="g">284.70</subfield>
    <subfield code="l">0</subfield>
    <subfield code="o">346.043 SRIT</subfield>
    <subfield code="p">LL000974</subfield>
    <subfield code="r">2024-12-07 00:00:00</subfield>
    <subfield code="v">390.00</subfield>
    <subfield code="w">2024-12-07</subfield>
    <subfield code="y">BK</subfield>
  </datafield>
</record>
